Fearless Feats : (Record no. 5286)
[ view plain ]
| 000 -LEADER | |
|---|---|
| fixed length control field | 01123nam a22003137a 4500 |
| 001 - CONTROL NUMBER | |
| control field | 5286 |
| 003 - CONTROL NUMBER IDENTIFIER | |
| control field | FISKH |
| 005 - DATE AND TIME OF LATEST TRANSACTION | |
| control field | 20241122152308.0 |
| 008 - FIXED-LENGTH DATA ELEMENTS--GENERAL INFORMATION | |
| fixed length control field | 241122b cb ||||| |||| 00| 0 eng d |
| 020 ## - INTERNATIONAL STANDARD BOOK NUMBER | |
| International Standard Book Number | 9780439715652 |
| 040 ## - CATALOGING SOURCE | |
| Original cataloging agency | FISKH |
| Language of cataloging | eng |
| Transcribing agency | FISKH |
| Modifying agency | FISKH |
| 050 ## - LIBRARY OF CONGRESS CALL NUMBER | |
| Classification number | AG243.C355 |
| 082 ## - DEWEY DECIMAL CLASSIFICATION NUMBER | |
| Classification number | 031.02 |
| 100 ## - MAIN ENTRY--PERSONAL NAME | |
| Personal name | Calkhoven, Laurie |
| 245 ## - TITLE STATEMENT | |
| Title | Fearless Feats : |
| Remainder of title | Incredible Records of Human Achievement / |
| Statement of responsibility, etc. | by Laurie Calkhoven |
| 250 ## - EDITION STATEMENT | |
| Edition statement | First printing, January 2005 |
| 260 ## - PUBLICATION, DISTRIBUTION, ETC. | |
| Place of publication, distribution, etc. | New York : |
| Name of publisher, distributor, etc. | Scholastic ; |
| Date of publication, distribution, etc. | 2005 . |
| 300 ## - PHYSICAL DESCRIPTION | |
| Extent | 88 pages : |
| Other physical details | illustrations ; |
| Dimensions | 20 cm . |
| 490 ## - SERIES STATEMENT | |
| Series statement | Guinness World Records |
| 505 ## - FORMATTED CONTENTS NOTE | |
| Formatted contents note | Z <br/> |
| 520 ## - SUMMARY, ETC. | |
| Summary, etc. | A collection of Guinness World Records that chronicles strange human accomplishments, including listings and explanations of juggling chainsaws, bathing with rattlesnakes, pulling freight trains, and other oddities. |
| 521 8# - TARGET AUDIENCE NOTE | |
| Target audience note | 1110 <br/> |
| Source | Lexile <br/> |
| 521 8# - TARGET AUDIENCE NOTE | |
| Target audience note | Z <br/> |
| Source | RAz-Plus <br/> |
| 650 ## - SUBJECT ADDED ENTRY--TOPICAL TERM | |
| Topical term or geographic name entry element | Guinness World Records |
| Form subdivision | non-fiction |
| 650 ## - SUBJECT ADDED ENTRY--TOPICAL TERM | |
| Topical term or geographic name entry element | books in classroom |
| Form subdivision | non-fiction |
| 700 ## - ADDED ENTRY--PERSONAL NAME | |
| Personal name | Bova, Louise |
| Relator term | designer |
| 942 ## - ADDED ENTRY ELEMENTS (KOHA) | |
| Source of classification or shelving scheme | Dewey Decimal Classification |
| Koha item type | Books |
| Suppress in OPAC | No |
| Withdrawn status | Lost status | Source of classification or shelving scheme | Damaged status | Not for loan | Collection | Home library | Current library | Shelving location | Date acquired | Total Checkouts | Full call number | Barcode | Date last seen | Price effective from | Koha item type |
|---|---|---|---|---|---|---|---|---|---|---|---|---|---|---|---|
| Dewey Decimal Classification | Non-Fiction | Footprints International School Library Network Toul Kork Campus | Footprints International School Library Network Toul Kork Campus | TTP Secondary Non-Fiction Bookshelves | 11/22/2024 | CAL 031.02 AG243.C355 | FISSE02192 | 11/22/2024 | 11/22/2024 | Books |
